Central Library OPAC University of Rajshahi

Agricultural institutions in SAARC countries/ (Record no. 54871)

MARC details
000 -LEADER
fixed length control field 00700nam a2200217 4500
001 - CONTROL NUMBER
control field 54871
003 - CONTROL NUMBER IDENTIFIER
rucl marc code BD-RjUL
005 - DATE AND TIME OF LATEST TRANSACTION
control field 20211209080159.0
008 - FIXED-LENGTH DATA ELEMENTS--GENERAL INFORMATION
fixed length control field 161112s1993 bg ||||| |||| 00| 0 eng d
035 ## - SYSTEM CONTROL NUMBER
System control number (BD-RjUL)54993
040 ## - CATALOGING SOURCE
Language of cataloging ENG
Transcribing agency BD-RjUL
041 ## - LANGUAGE CODE
Language code of text/sound track or separate title ENG
082 ## - DEWEY DECIMAL CLASSIFICATION NUMBER
Edition number 23
Classification number 338.1095
Author mark and year AGR 1993
100 ## - MAIN ENTRY--PERSONAL NAME
Personal name SAARC Agricultural Information Centre.
9 (RLIN) 163566
245 11 - TITLE STATEMENT
Title Agricultural institutions in SAARC countries/
Statement of responsibility, etc. SAARC Agricultural Information Centre.
260 ## - PUBLICATION, DISTRIBUTION, ETC. (IMPRINT)
Place of publication, distribution, etc. Dhaka, Bangladesh :
Name of publisher, distributor, etc. SAARC Agricultural Information Centre,
Date of publication, distribution, etc. 1993.
300 ## - PHYSICAL DESCRIPTION
Pagination 260 p. ;
Size 23 cm
500 ## - GENERAL NOTE
General note Includes indexes.
650 ## - SUBJECT ADDED ENTRY--TOPICAL TERM
Topical term or geographic name as entry element Agriculture--Economic aspects
Geographic subdivision East Asia
9 (RLIN) 163567
942 ## - ADDED ENTRY ELEMENTS (KOHA)
Source of classification or shelving scheme Dewey Decimal Classification
Koha item type Books
Holdings
Lost status Source of classification or shelving scheme Damaged status Not for loan Permanent Location Current Location Shelving location Date acquired Source of acquisition Total Checkouts Full call number Date last seen Copy number Koha item type
  Dewey Decimal Classification   Not For Loan Institute of Biological Sciences (IBSc) Library Institute of Biological Sciences (IBSc) Library Institute Library 06/09/1993 DONATION   338.1095 AGR 1993 12/11/2016 C-1 Books